00842nam 2200205 45000010005000000900009000051000041000141010013000552000062000682100066001302150023001962250048002196060092002676060028003596070020003877100044004077120056004518010020005079950109005275999 a5999 a20190729k u||y0frey50 ba afreaspa aNiños desaparecidosbBrochurefAbuelas de Plaza de Mayo aGenèvecMémoire pour des hommes libres en Argentined1984 a28 p.cill.d21 cm aNon-violence politiquevJuillet-Août 1974 96821aArgentine 1976-1983 : Dictature militaire Processus de réorganisation nationale 91411aDroits de l'homme 91862aArgentine 96820aGrands-mères de la place de Mai 96838aMémoire pour des hommes libres en Argentine aCHbCH-002049-8 10203052026-04-3096968bARCHICcARCHICeBrochuresf7820hComité Mémoire et JusticekBroch 2698o1